000
00276nam a22001217a 4500
008
170830b xxu||||| |||| 00| 0 eng d
041
_a
eng
080
_a
070
100
_a
40
101
_a
MED
245
_a
CONTENT AND ORGANIZATION OF SPEECHES
_c
TERRIS,W.F
942
_2
udc
_c
BK
999
_c
25605
_d
25605